Computational Immunology: Models and Tools (Record no. 1848659)

MARC details
000 -LEADER
fixed length control field 00321 a2200121 4500
000 - LEADER
fixed length control field nam a22 7a 4500
005 - DATE AND TIME OF LATEST TRANSACTION
control field 20260430130933.0
020 ## - INTERNATIONAL STANDARD BOOK NUMBER
International Standard Book Number 9780128036976
100 ## - MAIN ENTRY--PERSONAL NAME
Personal name Josep Bassaganya-Riera
9 (RLIN) 1064504
245 ## - TITLE STATEMENT
Title Computational Immunology: Models and Tools
260 ## - PUBLICATION, DISTRIBUTION, ETC.
Name of publisher, distributor, etc. Academic Press
Date of publication, distribution, etc. 2015
942 ## - ADDED ENTRY ELEMENTS (KOHA)
Koha item type Textual
Holdings
Withdrawn status Lost status Source of classification or shelving scheme Damaged status Not for loan Home library Current library Date acquired Source of acquisition Cost, normal purchase price Inventory number Total Checkouts Barcode Date last seen Cost, replacement price Price effective from Koha item type
    Colon Classification (CC)   Ordered South Campus Library South Campus Library 2026-04-30 93 6487.85 061 & 29/01/2026   SC1809795 2026-04-30 9268.36 2026-04-30 Textual
Copyright @ Delhi University Library System